|
|
|
|
| LEADER |
00000nam0a2200000 4500 |
| 001 |
293863 |
| 005 |
20231101001655.0 |
| 010 |
|
|
|a 9785811418725
|
| 035 |
|
|
|a (RuTPU)RU\TPU\book\318911
|
| 090 |
|
|
|a 293863
|
| 100 |
|
|
|a 20150507d2015 m y0rusy50 ca
|
| 101 |
0 |
|
|a rus
|
| 102 |
|
|
|a RU
|
| 105 |
|
|
|a a j 001zy
|
| 200 |
1 |
|
|a Межфазные превращения и формирование поверхности многокомпонентных полупроводников в жидких средах
|e учебное пособие
|f Г. М. Мокроусов, О. Н. Зарубина, Т. П. Бекезина
|
| 210 |
|
|
|a Санкт-Петербург
|c Лань
|d 2015
|
| 215 |
|
|
|a 107 с.
|c ил.
|
| 225 |
1 |
|
|a Учебники для вузов. Специальная литература
|
| 320 |
|
|
|a Библиогр.: с. 105-107.
|
| 330 |
|
|
|a В пособии на примере полупроводников типа AIUBV и А'^" рассмотрены типичные межфазные превращения (потенциалопределяющие реакции), протекающие в системах многокомпонентное соединение-вода (рН). При этом поверхность представлена в виде структуры, состоящей из поверхностного фазового слоя и приповерхностного кристаллического слоя, находящегося между поверхностным фазовым слоем (или при отсутствии такового — раствором) и объемом твердого тела. Данное пособие поможет моделировать границы раздела фаз сложных неорганических веществ и материалов, целенаправленно прогнозировать и создавать их межфазные границы с необходимым составом и строением путем различных (электро) химических операций, устранять или вводить дефекты в приповерхностные области кристаллических веществ, управлять свойствами структур типа П-М, П-Д и осуществлять наноструктурирование поверхности кристаллических материалов.Пособие предназначено на студентов, обучающихся по направлениям «Химия», «Химия, физика и механика материалов», «Фундаментальная и прикладная химия», аспирантов, преподавателей химических вузов и факультетов, а также специалистов, работающих в области физикохимии полупроводников, формирования и модификации поверхности твердых тел для создания функциональных материалов и полупроводниковых структур, а также в области материаловедения и технологии структур. Оно будет полезно специалистам, разрабатывающим и производящим различного рода (нано, микро, макро) структуры на основе полупроводников и металлов с использованием водных и неводных сред, а также при решении вопросов их стабильности, включая коррозионную стойкость.
|
| 606 |
1 |
|
|a Полупроводники
|x Поверхностные свойства
|2 stltpush
|3 (RuTPU)RU\TPU\subj\50632
|
| 610 |
1 |
|
|a физика
|
| 610 |
1 |
|
|a межфазные превращения
|
| 610 |
1 |
|
|a твердые тела
|
| 610 |
1 |
|
|a жидкие среды
|
| 610 |
1 |
|
|a термодинамика
|
| 610 |
1 |
|
|a вода
|
| 610 |
1 |
|
|a водные среды
|
| 610 |
1 |
|
|a химические методы
|
| 610 |
1 |
|
|a электрохимические методы
|
| 610 |
1 |
|
|a полупроводник-металл
|
| 610 |
1 |
|
|a полупроводник-диэлектрик
|
| 610 |
1 |
|
|a анизотропное травление
|
| 610 |
1 |
|
|a кристаллы
|
| 610 |
1 |
|
|a учебные пособия
|
| 675 |
|
|
|a 537.311.322:532.6(075.8)
|v 4
|
| 700 |
|
1 |
|a Мокроусов
|b Г. М.
|g Геннадий Михайлович
|
| 701 |
|
1 |
|a Зарубина
|b О. Н.
|g Оксана Николаевна
|
| 701 |
|
1 |
|a Бекезина
|b Т. П.
|g Татьяна Петровна
|
| 801 |
|
1 |
|a RU
|b 63413507
|c 20150507
|
| 801 |
|
2 |
|a RU
|b 63413507
|c 20150914
|g RCR
|
| 900 |
|
|
|a Физическая химия
|
| 900 |
|
|
|a Химия твердых веществ
|
| 942 |
|
|
|c BK
|
| 959 |
|
|
|a 59/20150424
|d 3
|e 700,04
|f ЧЗТЛ:1
|f УФ:2
|
| 959 |
|
|
|a 77/20150525
|d 3
|e 700,00
|f ЧЗТЛ:1
|f УФ:2
|